| 000 | 01241nam a22003258a 4500 | ||
|---|---|---|---|
| 001 | 016219430 | ||
| 003 | EG-ScBUE | ||
| 005 | 20220818121951.0 | ||
| 008 | 121121s2013 xxka f 000 0 eng d | ||
| 020 | _a9781119952862 (pbk.) | ||
| 040 |
_aStDuBDS _beng _erda _cStDuBDS _dEG-ScBUE |
||
| 082 | 0 | 4 |
_a720.285 _222 _bCOM |
| 245 | 0 | 0 |
_aComputation works : _bthe building of algorithmic thought / _cguest-edited by Brady Peters and Xavier De Kestelier. |
| 264 | 1 |
_aWest Sussex, United Kingdom : _bJohn Wiley & Sons Ltd., _c2013. |
|
| 300 |
_a152 pages : _bcolor illustrations ; _c28 cm. |
||
| 336 |
_2rdacontent _atext _btxt |
||
| 337 |
_2rdamedia _aunmediated _bn |
||
| 338 |
_2rdacarrier _avolume _bnc |
||
| 490 | 0 |
_aArchitectural design ; _vno. 222 |
|
| 650 | 7 |
_aArchitectural design _xData processing. _2BUEsh _92262 |
|
| 650 | 7 |
_aArchitectural design _xTechnological innovations. _2BUEsh _913057 |
|
| 650 | 7 |
_aArchitectural design _xComputer simulation. _2BUEsh _936434 |
|
| 650 | 7 |
_aComputer-aided design. _93588 _2BUEsh |
|
| 651 | _2BUEsh | ||
| 653 |
_bENGARC _cNovember2014 |
||
| 655 |
_vReading book _934232 |
||
| 700 | 1 |
_aPeters, Brady, _935838 _eeditor. |
|
| 700 | 1 |
_aDe Kestelier, Xavier, _936433 _eeditor. |
|
| 942 |
_2ddc _k720.285 COM _cBB |
||
| 999 |
_c18542 _d18514 |
||